000 00612nam a2200265Ia 4500
005 20260320203344.0
008 008 262003s9999 xx 000 0 eng d
020 _a978-3-031-28967-5
037 _aEBOOK
040 _aCRL
040 _beng
040 _cCRL
041 _2eng
041 _aeng
084 _qCRL
100 _aThomas Thakadipuram
_91137391
245 0 _aLeadership Wholeness, Volume 2
260 _bSpringer
260 _c2024
650 _aPhysics
856 _uhttps://doi.org/10.1007/978-3-031-28967-5
942 _cEBOOK
999 _c1726260
_d1726260